WWE 1990s Multiple Choice Quiz - Statistics

General Stats
  • This quiz has been taken 1,382 times
  • The average score is 9 of 15
Answer Stats
Question Answer % Correct
Billy Gunn and The Road Dogg were a successful tag team under what name...? The New Age Outlaws
84%
Who won the 1992 Royal Rumble match, to capture the vacant WWE Championship? Ric Flair
81%
The Brood formed as a group in late 1998. Who were the original members? Gangrel, Christian and Edge
78%
Stephanie McMahon married Triple H in December 1999. Who was she originally set to marry before it was revealed she had already married Triple H? Test
74%
At what venue was WrestleMania IX (1993) held? Caesars Palace
67%
Who was crowned the first Hardcore Champion on an episode of Raw in November 1998? Mankind
67%
Who won the 1999 Royal Rumble match? Vince McMahon
67%
Who shockingly jumped from the WWE to show up on their competitor, WCW's, first episode of Monday Nitro? Lex Luger
66%
What was the main event of the St. Valentine's Day Massacre 1999 pay-per-view? Stone Cold Steve Austin vs. Vince McMahon
65%
Bret Hart defeated his brother Owen to retain the WWE Championship in a Steel Cage match at SummerSlam 1994. How did he win the match? Escaping the cage
54%
Who won a tournament to become the first Light Heavyweight Champion in December 1997? Taka Michinoku
50%
The Corporate Ministry was a supergroup that had three co-leaders. Which of the following was NOT a leader in the group? Triple H
49%
What was the main event of the Survivor Series 1996 pay-per-view? Shawn Michaels vs. Sycho Sid
43%
How many times did The Rock 'n' Sock Connection capture the WWE Tag Team Championship in 1999? Three times
42%
Who did The Undertaker defeat to retain his WWE Championship in the main event match of the King of the Ring 1997 pay-per-view event? Faarooq
31%
No matching quizzes found
Score Distribution
Percent of People with Each Score
Percentile by Number Answered
Your Score History
You have not taken this quiz